[Event "WchT Seniors 65"]
[Site "Prague"]
[Date "2020.03.10"]
[Round "5.10"]
[White "Fencl, Vaclav"]
[Black "Araya Umana, Carlos"]
[Result "1-0"]
[WhiteElo "1857"]
[BlackElo "1914"]
[PlyCount "65"]
[EventDate "2020.03.06"]
[EventType "team-swiss"]
[EventRounds "7"]
[EventCountry "CZE"]
[SourceTitle "CBM 195 Extra"]
[Source "ChessBase"]
[SourceDate "2020.05.31"]
[SourceVersion "1"]
[SourceVersionDate "2020.05.31"]
[SourceQuality "1"]
[WhiteTeam "Czech Republic 65 III"]
[BlackTeam "Costa Rica 65"]
[WhiteTeamCountry "CZE"]
[BlackTeamCountry "CRI"]

1. d4 Nf6 2. Nf3 g6 3. Bg5 Bg7 4. e3 0-0 5. Bd3 c5 6. 0-0 b6 7. Nbd2 Bb7 8. c3 d6 9. Re1 Nbd7 10. e4 e5 11. d5 h6 12. Bh4 g5 13. Bg3 Nh5 14. Nxe5 Nxg3 15. Nxd7 Qxd7 16. hxg3 Be5 17. Qh5 Kg7 18. Nc4 Rae8 19. Ne3 Rh8 20. Nf5+ Kf8 21. Qe2 Ra8 22. Qg4 Qd8 23. f4 h5 24. Qf3 Bf6 25. Rf1 g4 26. Qe2 Bc8 27. e5 Bxf5 28. Bxf5 Bg7 29. e6 Qe7 30. Rae1 Re8 31. Qd3 Bf6 32. exf7 Qxe1 33. Rxe1 1-0

[Event "WchT Seniors 65"]
[Site "Prague"]
[Date "2020.03.07"]
[Round "2.20"]
[White "Fencl, Vaclav"]
[Black "Rintakoski, Pentti"]
[Result "0-1"]
[WhiteElo "1857"]
[BlackElo "1735"]
[PlyCount "67"]
[EventDate "2020.03.06"]
[EventType "team-swiss"]
[EventRounds "7"]
[EventCountry "CZE"]
[SourceTitle "CBM 195 Extra"]
[Source "ChessBase"]
[SourceDate "2020.05.31"]
[SourceVersion "1"]
[SourceVersionDate "2020.05.31"]
[SourceQuality "1"]
[WhiteTeam "Czech Republic 65 III"]
[BlackTeam "Finland 65"]
[WhiteTeamCountry "CZE"]
[BlackTeamCountry "FIN"]

1. d4 e6 2. Nf3 Nf6 3. e3 b6 4. Bd3 Bb7 5. Nbd2 Be7 6. 0-0 d6 7. b3 Nbd7 8. Bb2 h6 9. c4 c5 10. Rc1 Qc7 11. Re1 a6 12. e4 cxd4 13. Bxd4 e5 14. Bb2 Nc5 15. Bb1 0-0 16. b4 Ne6 17. Nb3 Rad8 18. Qc2 Nf4 19. Rcd1 Rc8 20. Rc1 Qd7 21. Qd1 Qg4 22. g3 Bxe4 23. Bxe4 Nxe4 24. Rf1 Nh3+ 25. Kg2 Nhxf2 26. Rxf2 Nxf2 27. Kxf2 Rxc4 28. a3 Rfc8 29. Rxc4 Qxc4 30. Bc1 a5 31. Bd2 a4 32. Nc1 b5 33. Qe2 Qc6 34. Be3 0-1

[Event "CZE-chT2D 0809"]
[Site "Czech Republic"]
[Date "2009.01.25"]
[Round "7.8"]
[White "Olsovsky, Josef"]
[Black "Fencl, Vaclav"]
[Result "0-1"]
[WhiteElo "1846"]
[BlackElo "2036"]
[PlyCount "126"]
[EventDate "2008.10.12"]
[EventType "team-tourn"]
[EventRounds "11"]
[EventCountry "CZE"]
[SourceTitle "EXT 2010"]
[Source "ChessBase"]
[SourceDate "2010.11.25"]
[SourceVersion "1"]
[SourceVersionDate "2010.11.25"]
[SourceQuality "1"]

1. Nf3 Nf6 2. g3 g6 3. Bg2 Bg7 4. 0-0 0-0 5. c3 d6 6. h3 e5 7. d3 Nbd7 8. e4 Nc5 9. Qe2 b6 10. Be3 Ba6 11. c4 Bb7 12. Nc3 a5 13. Nh4 Nfd7 14. Qd2 f5 15. Bg5 Bf6 16. f4 Bxg5 17. fxg5 f4 18. gxf4 Rxf4 19. Rxf4 exf4 20. d4 Ne6 21. Nf3 Nxg5 22. Qxf4 Nxf3+ 23. Qxf3 Qe7 24. Qg3 Qg7 25. Rd1 Re8 26. Nd5 Bxd5 27. cxd5 Nf6 28. Qe3 Qe7 29. Re1 Nxd5 30. Qb3 Qe6 31. Bf1 Nf6 32. Qxe6+ Rxe6 33. Bc4 d5 34. Bb3 c6 35. e5 Nh5 36. Rc1 Kf8 37. Rf1+ Ke7 38. Kg2 Ng7 39. Bc2 Ne8 40. Bd1 Nc7 41. Bg4 Ke8 42. Bxe6 Nxe6 43. Rd1 c5 44. dxc5 bxc5 45. Kf3 d4 46. Rd3 Kd7 47. Ra3 Kc6 48. Rxa5 Kd5 49. b4 d3 50. Kf2 Kc4 51. bxc5 Kc3 52. c6 d2 53. Rd5 Nd4 54. c7 d1Q 55. c8Q+ Kb2 56. Ke3 Nf5+ 57. Kf4 Qxd5 58. e6 Qd4+ 59. Kf3 Qe3+ 60. Kg2 Qg3+ 61. Kf1 Qxh3+ 62. Ke1 Qc3+ 63. Qxc3+ Kxc3 0-1